Beyond the line : classical Arabic literary critics on the coherence and unity of the poem

محفوظ في:

المؤلف الرئيسي: G. J. H. van Gelder.

التنسيق: كتاب

اللغة: Undetermined

منشور في: Leiden : E.J. Brill,, 1982.

سلاسل: Studies in Arabic literature, v. 8

الموضوعات:

الوسوم: إضافة وسم

لا توجد وسوم, كن أول من يضع وسما على هذه التسجيلة!

رقم الطلب: PJ7801 .A2 J87

LEADER 00662nam a2200193Ia 4500
008 240329s9999||||xx |||||||||||||| ||und||
020 |a 9789004068544  
050 4 |a PJ7801 .A2 J87 
100 1 |a G. J. H. van Gelder. 
245 1 0 |a Beyond the line : classical Arabic literary critics on the coherence and unity of the poem   |c G. J. H. van Gelder 
264 1 |a Leiden :  |b E.J. Brill,,  |c 1982. 
300 |a 229  |c 25 CM 
490 0 |a Studies in Arabic literature, v. 8 
650 |a 750-1800 
650 |a Arabic poetry 
650 |a Arabic poetry 1258-1800 History and criticism 
650 |a Arabic poetry 622-1258 History and criticism 
942 |2 lcc  |c BK 
999 |c 57583  |d 57583